Design of concrete structures (Record no. 3628)

000 -LEADER
fixed length control field 00663nam a2200229 a 4500
001 - CONTROL NUMBER
control field 3628
003 - CONTROL NUMBER IDENTIFIER
control field BD-DhUET
008 - FIXED-LENGTH DATA ELEMENTS--GENERAL INFORMATION
fixed length control field 850621s1985 enka b 101 0 eng
020 ## - INTERNATIONAL STANDARD BOOK NUMBER
International Standard Book Number 007Y665486
040 ## - CATALOGING SOURCE
Original cataloging agency DLC
Transcribing agency DLC
Modifying agency BD-DhUET
082 00 - DEWEY DECIMAL CLASSIFICATION NUMBER
Classification number 624.183
Item number NIL/1986
100 ## - MAIN ENTRY--PERSONAL NAME
Personal name Nilson, Arthur H.
245 00 - TITLE STATEMENT
Title Design of concrete structures
Statement of responsibility, etc. by Arthur H. Nilson and George Winter
250 ## - EDITION STATEMENT
Edition statement 10th ed.
260 ## - PUBLICATION, DISTRIBUTION, ETC. (IMPRINT)
Place of publication, distribution, etc. New York:
Name of publisher, distributor, etc. McGraw Hill Book Company,
Date of publication, distribution, etc. 1986.
300 ## - PHYSICAL DESCRIPTION
Extent xi, 380 p. :
Other physical details ill. ;
Dimensions 23 cm.
490 ## - SERIES STATEMENT
Series statement Civil engineering series
504 ## - BIBLIOGRAPHY, ETC. NOTE
Bibliography, etc Includes bibliographies
650 #0 - SUBJECT ADDED ENTRY--TOPICAL TERM
Topical term or geographic name as entry element Reinforced concrete
700 ## - ADDED ENTRY--PERSONAL NAME
Personal name Winter, George
942 ## - ADDED ENTRY ELEMENTS (KOHA)
Koha item type General Book
Holdings
Koha normalized classification for sorting Price effective from Koha full call number Koha out on loan Koha date last borrowed Date acquired Shelving location Piece designation (barcode) Copy number Koha item type Koha renewals Location (home branch) Source of classification or shelving scheme Sublocation or collection (holding branch) Koha issues (times borrowed) Koha date last seen Withdrawn status Damaged status Not for loan Lost status
624_000000000000000_183NIL19862014-11-02624.183/NIL/19862027-02-232026-02-232014-11-02Circulation section778731General Book1Central Library, BUET Central Library, BUET62026-02-23    
624_183000000000000_NIL_19862024-12-04624.183 NIL/1986  1990-10-23Rental section77816১০/ক-১Rental Item Central Library, BUET Central Library, BUET 2024-12-04    
624_183000000000000_NIL_19862024-12-04624.183 NIL/1986  1990-10-23Rental section77817১০/ক-২Rental Item Central Library, BUET Central Library, BUET 2024-12-04    
624_183000000000000_NIL_19862024-12-04624.183 NIL/1986  1990-10-23Rental section77818১০/ক-৩Rental Item Central Library, BUET Central Library, BUET 2024-12-04    
624_183000000000000_NIL_19862024-12-04624.183 NIL/1986  1990-10-23Rental section77819১০/ক-৪Rental Item Central Library, BUET Central Library, BUET 2024-12-04    
624_183000000000000_NIL_19862024-12-04624.183 NIL/1986  1990-10-23Rental section77820১০/ক-৫Rental Item Central Library, BUET Central Library, BUET 2024-12-04    
624_183000000000000_NIL_19862024-12-04624.183 NIL/1986  1990-10-23Rental section77821১০/ক-৬Rental Item Central Library, BUET Central Library, BUET 2024-12-04    
624_183000000000000_NIL_19862024-12-04624.183 NIL/1986  1990-10-23Rental section77822১০/ক-৭Rental Item Central Library, BUET Central Library, BUET 2024-12-04    
624_183000000000000_NIL_19862024-12-04624.183 NIL/1986  1990-10-23Rental section77823১০/ক-৮Rental Item Central Library, BUET Central Library, BUET 2024-12-04    
624_183000000000000_NIL_19862024-12-04624.183 NIL/1986  1990-10-23Rental section77824১০/ক-৯Rental Item Central Library, BUET Central Library, BUET 2024-12-04    
624_183000000000000_NIL_19862024-12-04624.183 NIL/1986  1990-10-23Rental section77825১০/ক-১০Rental Item Central Library, BUET Central Library, BUET 2024-12-04    
624_183000000000000_NIL_19862024-12-04624.183 NIL/1986  1990-10-23Rental section77826১০/ক-১১Rental Item Central Library, BUET Central Library, BUET 2024-12-04    
624_183000000000000_NIL_19862024-12-04624.183 NIL/1986  1990-10-23Rental section77827১০/ক-১২Rental Item Central Library, BUET Central Library, BUET 2024-12-04    
624_183000000000000_NIL_19862024-12-04624.183 NIL/1986  1990-10-23Rental section77828১০/ক-১৩Rental Item Central Library, BUET Central Library, BUET 2024-12-04    
624_183000000000000_NIL_19862024-12-04624.183 NIL/1986  1990-10-23Rental section77829১০/ক-১৪Rental Item Central Library, BUET Central Library, BUET 2024-12-04    
624_183000000000000_NIL_19862024-12-04624.183 NIL/1986  1990-10-23Rental section77830১০/ক-১৫Rental Item Central Library, BUET Central Library, BUET 2024-12-04    
624_183000000000000_NIL_19862024-12-04624.183 NIL/1986  1990-10-23Rental section77831১০/ক-১৬Rental Item Central Library, BUET Central Library, BUET 2024-12-04    
624_183000000000000_NIL_19862024-12-04624.183 NIL/1986  1990-10-23Rental section77832১০/ক-১৭Rental Item Central Library, BUET Central Library, BUET 2024-12-04    
624_183000000000000_NIL_19862024-12-04624.183 NIL/1986  1990-10-23Rental section77833১০/ক-১৮Rental Item Central Library, BUET Central Library, BUET 2024-12-04    
624_183000000000000_NIL_19862024-12-04624.183 NIL/1986  1990-10-23Rental section77834১০/ক-১৯Rental Item Central Library, BUET Central Library, BUET 2024-12-04    
624_183000000000000_NIL_19862024-12-04624.183 NIL/1986  1990-10-23Rental section77835১০/ক-২০Rental Item Central Library, BUET Central Library, BUET 2024-12-04